Central Library OPAC University of Rajshahi

Development in Africa; (Record no. 8011)

MARC details
000 -LEADER
fixed length control field 00950cam a22002771 4500
001 - CONTROL NUMBER
control field 8011
003 - CONTROL NUMBER IDENTIFIER
rucl marc code BD-RjUL
005 - DATE AND TIME OF LATEST TRANSACTION
control field 20211208234517.0
008 - FIXED-LENGTH DATA ELEMENTS--GENERAL INFORMATION
fixed length control field 140116s1962 sa a b 000 0 eng
035 ## - SYSTEM CONTROL NUMBER
System control number (BD-RjUL) 8056
System control number (OCoLC)351501
040 ## - CATALOGING SOURCE
Original cataloging agency DLC
Transcribing agency OClU
Modifying agency NcRS
-- DLC
-- BD-RjUL
Language of cataloging eng
041 ## - LANGUAGE CODE
Language code of text/sound track or separate title eng
082 ## - DEWEY DECIMAL CLASSIFICATION NUMBER
Classification number 330.967
Author mark and year GRD 1962
100 1# - MAIN ENTRY--PERSONAL NAME
Personal name Green, L. P.
9 (RLIN) 24994
245 10 - TITLE STATEMENT
Title Development in Africa;
Remainder of title a study in regional analysis with special reference to southern Africa,
Statement of responsibility, etc. by L.P. Green and T.J.D. Fair.
260 ## - PUBLICATION, DISTRIBUTION, ETC. (IMPRINT)
Place of publication, distribution, etc. Johannesburg :
Name of publisher, distributor, etc. Witwatersrand University Press,
Date of publication, distribution, etc. 1962.
300 ## - PHYSICAL DESCRIPTION
Pagination 203 p. :
Illustrations illus. ;
Size 25 cm.
504 ## - BIBLIOGRAPHY, ETC. NOTE
Bibliography, etc Includes bibliography and index.
651 #0 - SUBJECT ADDED ENTRY--GEOGRAPHIC NAME
Geographic name South Africa
General subdivision Economic conditions.
9 (RLIN) 8461
Geographic name Africa, Sub-Saharan
General subdivision Economic conditions.
9 (RLIN) 24995
700 1# - ADDED ENTRY--PERSONAL NAME
Personal name Fair, T. J. D.
Fuller form of name (Thomas J. D.)
Relator term jt. auth.
942 ## - ADDED ENTRY ELEMENTS (KOHA)
Source of classification or shelving scheme Dewey Decimal Classification
Koha item type Books
Holdings
Lost status Source of classification or shelving scheme Damaged status Not for loan Collection code Permanent Location Current Location Shelving location Date acquired Source of acquisition Cost, normal purchase price Total Checkouts Full call number Date last seen Copy number Koha item type
  Dewey Decimal Classification   Not For Loan Non-fiction Central Library, University of Rajshahi Central Library, University of Rajshahi   21/05/1965 Zeitlinger 35.00   330.967 GRD 1962 16/01/2014 C-1 Books